[Event "Aeroflot Open A 2017"]
[Site "masterchessopen.com Moscow RUS"]
[Date "2017.02.26"]
[Round "6.17"]
[White "Cordova,E"]
[Black "Antipov,M2"]
[Result "1-0"]
[WhiteElo "2655"]
[BlackElo "2582"]

1.Nf3 Nf6 2.d4 e6 3.e3 c5 4.Nbd2 Be7 5.Bd3 Nc6 6.c3 b6 7.O-O Bb7 8.Re1 d5 9.a3
O-O 10.b4 cxd4 11.exd4 Rc8 12.Nf1 Nb8 13.Bb2 Nbd7 14.Ng3 Ne8 15.Qc2 g6 16.Bc1
Nd6 17.Bh6 Re8 18.Bf4 Nf6 19.Ng5 Bf8 20.h4 Bg7 21.Rac1 h6 22.Bxd6 hxg5 23.hxg5
Ng4 24.Bf4 Bxd4 25.cxd4 Rxc2 26.Rxc2 e5 27.dxe5 d4 28.Ne4 Bxe4 29.Rxe4 Qd5
30.Rc4 Rd8 31.Bg3 b5 32.Rc1 Qb3 33.Be2 Ne3 34.fxe3 d3 35.Bf3 Qxa3 36.Rd1 a5
37.e6 axb4 38.e7 Re8 39.Bd6 {#r} 1-0

[Event "Aeroflot Open A 2017"]
[Site "masterchessopen.com Moscow RUS"]
[Date "2017.02.26"]
[Round "6.18"]
[White "Karthikeyan,M2"]
[Black "Berkes,F"]
[Result "0-1"]
[WhiteElo "2578"]
[BlackElo "2648"]

1.e4 c6 2.d4 d5 3.e5 Bf5 4.c4 e6 5.Nc3 Ne7 6.a3 dxc4 7.Bxc4 Nd7 8.Nge2 Nb6
9.Bb3 Qd7 10.Ng3 Bg6 11.h4 h6 12.Be3 Nf5 13.h5 Bh7 14.Nxf5 Bxf5 15.Qe2 Be7
16.Rd1 Rg8 17.g4 Bh7 18.f4 O-O-O 19.a4 Bb4 20.Kf2 Kb8 21.Qf3 Ba5 22.f5 Qe7
23.Ne2 Nd5 24.Bc1 f6 25.Nf4 exf5 26.gxf5 fxe5 27.Ne6 Rd6 28.dxe5 Rxe6 29.Bxd5
cxd5 30.fxe6 Rf8 31.Bf4 Be4 32.Qg4 Bxh1 33.Rxh1 Bd2 {#R} 0-1

[Event "Aeroflot Open A 2017"]
[Site "masterchessopen.com Moscow RUS"]
[Date "2017.02.26"]
[Round "6.19"]
[White "Swiercz,D"]
[Black "Narayanan,Sri"]
[Result "1-0"]
[WhiteElo "2645"]
[BlackElo "2474"]

1.d4 Nf6 2.c4 e6 3.Nf3 b6 4.g3 Bb7 5.Bg2 Bb4+ 6.Bd2 c5 7.dxc5 Bxc5 8.O-O O-O
9.Nc3 d5 10.cxd5 Nxd5 11.Qa4 Nd7 12.Rfd1 Be7 13.Nxd5 Bxd5 14.Bc3 Bf6 15.Bb4 b5
16.Qxb5 Qb8 17.Qxb8 Rfxb8 18.Bc3 Bxc3 19.bxc3 Nb6 20.Ne5 Bxg2 21.Kxg2 Rc8
22.Rac1 f6 23.Nf3 e5 24.Nd2 Na4 25.Ne4 Rc4 26.f3 Nb6 27.Nd6 Ra4 28.c4 Rxa2
29.Kf1 Nc8 30.Nf5 Kf7 31.Rb1 Nb6 32.c5 Na4 33.Rb7+ Kg6 34.Rxg7+ {#r} 1-0

[Event "Aeroflot Open A 2017"]
[Site "masterchessopen.com Moscow RUS"]
[Date "2017.02.26"]
[Round "6.20"]
[White "Gordievsky,D"]
[Black "Kuzubov,Y"]
[Result "0-1"]
[WhiteElo "2564"]
[BlackElo "2643"]

1.d4 Nf6 2.Bf4 g6 3.e3 Bg7 4.Nf3 d6 5.c3 O-O 6.h3 c5 7.dxc5 dxc5 8.Qxd8 Rxd8
9.a4 Nc6 10.Bc7 Re8 11.Bc4 Bd7 12.Nbd2 Rac8 13.Be5 Red8 14.Bxf6 Bxf6 15.Nb3 b6
16.Nfd2 Ne5 17.Ba6 Rc7 18.f4 Nc6 19.Kf2 Na5 20.Nxa5 Bc8 21.Be2 Rxd2 22.Nc4
Bh4+ 23.g3 Bxg3+ 24.Kf3 Bb7+ 25.e4 Rxe2 26.Kxe2 Bxf4 27.Rhf1 g5 28.a5 Bxe4
29.a6 Rc6 30.Rfd1 b5 31.Rd8+ Kg7 32.Nd2 Bf5 33.c4 bxc4 34.Nxc4 Bc8 35.Rxc8
Rxc8 36.Na5 Bc7 37.Nb7 Bb6 38.Kd3 c4+ 39.Kc3 h5 40.Re1 Kf6 {#R} 0-1

[Event "Aeroflot Open A 2017"]
[Site "masterchessopen.com Moscow RUS"]
[Date "2017.02.26"]
[Round "6.26"]
[White "Sethuraman,S"]
[Black "Ramirez,Alej"]
[Result "0-1"]
[WhiteElo "2623"]
[BlackElo "2549"]

1.e4 Nf6 2.e5 Nd5 3.d4 d6 4.Nf3 dxe5 5.Nxe5 c6 6.Be2 Bf5 7.O-O Nd7 8.Bg4 Bxg4
9.Qxg4 g6 10.c4 Nc7 11.Nd2 Bg7 12.Ndf3 Qc8 13.Qh4 Nxe5 14.dxe5 Qf5 15.Bg5 f6
16.exf6 exf6 17.Rfe1+ Kf7 18.Be3 Ne6 19.c5 Rhd8 20.Qb4 Rd7 21.Nd2 Bf8 22.Ne4
b5 23.f3 a5 24.Qc3 a4 25.Rad1 Rad8 26.Rxd7+ Rxd7 27.b3 axb3 28.axb3 Be7 29.b4
Qd5 30.h4 Qd3 31.Qa1 Qc4 32.Qa8 Qxb4 33.Bf2 Nd8 34.Qc8 Rd5 35.Qc7 Ne6 36.Qxc6
Re5 37.Rc1 Nd4 38.Bxd4 Qxd4+ 39.Kh1 f5 40.Nd6+ Kg7 41.Ne8+ Kg8 42.Nd6 Qxh4+
43.Kg1 Bg5 {#R} 0-1

[Event "Aeroflot Open A 2017"]
[Site "masterchessopen.com Moscow RUS"]
[Date "2017.02.26"]
[Round "6.40"]
[White "Zhigalko,A"]
[Black "Kovalevskaya,E"]
[Result "1-0"]
[WhiteElo "2571"]
[BlackElo "2423"]

1.e4 c5 2.Nf3 Nc6 3.c3 d5 4.exd5 Qxd5 5.d4 cxd4 6.cxd4 e6 7.Nc3 Qd8 8.Bc4 Nf6
9.O-O Be7 10.Re1 O-O 11.a3 a6 12.Ba2 b5 13.d5 exd5 14.Nxd5 Nxd5 15.Qxd5 Bb7
16.Qh5 Qd6 17.Bg5 Rad8 18.Bxe7 Nxe7 19.Ng5 Qg6 20.Qxh7+ Qxh7 21.Nxh7 Rfe8
22.Ng5 Bd5 23.Bxd5 Nxd5 24.Rxe8+ Rxe8 25.Rd1 Nb6 26.b3 f6 27.Nf3 Re6 28.Kf1
Kf7 29.h4 a5 30.Nd4 Rd6 31.Ke2 Nd5 32.Rd2 b4 33.axb4 axb4 34.g3 Nc3+ 35.Kd3
Nb1 36.Rc2 Rd7 37.Rc4 Rb7 38.h5 Nc3 39.Nc6 Rd7+ 40.Rd4 Nd5 41.Kc4 Ke6 42.Nxb4
Rc7+ 43.Kd3 Rc3+ 44.Kd2 Rxb3 45.Nxd5 Ke5 46.Rb4 {#r} 1-0

[Event "Aeroflot Open A 2017"]
[Site "masterchessopen.com Moscow RUS"]
[Date "2017.02.26"]
[Round "6.47"]
[White "Karavade,E"]
[Black "Paravyan,D"]
[Result "0-1"]
[WhiteElo "2418"]
[BlackElo "2525"]

1.d4 Nf6 2.c4 g6 3.Nc3 Bg7 4.e4 d6 5.Nf3 O-O 6.Be2 e5 7.d5 a5 8.Bg5 h6 9.Be3
Ng4 10.Bd2 f5 11.exf5 gxf5 12.h3 Nf6 13.g3 Na6 14.Qc1 Kh7 15.Be3 c6 16.g4 f4
17.Qb1+ Kg8 18.Bd2 Nc5 19.g5 hxg5 20.Nxg5 e4 21.Rg1 f3 22.Bf1 Bf5 23.Be3 Qd7
24.Qc2 Rac8 25.Rd1 Rfe8 26.Qb1 Nd3+ 27.Rxd3 exd3 28.Bxd3 Bxh3 29.Nxh3 Qxh3
30.Bf5 Rxe3+ 31.Kd2 Re2+ 32.Nxe2 Qh6+ 33.Kd3 cxd5 34.Bxc8 dxc4+ 35.Kxc4 fxe2
36.Qf5 Qd2 37.Qxf6 d5+ 38.Kb3 Qb4+ 39.Kc2 Qe4+ 40.Kb3 Qc4+ {#R} 0-1

[Event "Aeroflot Open A 2017"]
[Site "masterchessopen.com Moscow RUS"]
[Date "2017.02.26"]
[Round "6.48"]
[White "Olafsson,H1"]
[Black "Harutyunian,T"]
[Result "0-1"]
[WhiteElo "2540"]
[BlackElo "2515"]

1.c4 e6 2.Nc3 d5 3.d4 Be7 4.cxd5 exd5 5.Bf4 c6 6.e3 Bf5 7.Nge2 Nd7 8.Ng3 Bg6
9.Be2 Qb6 10.Qd2 h5 11.h4 Ngf6 12.f3 O-O 13.Bg5 Rfe8 14.O-O Bd6 15.Bf4 Bxf4
16.exf4 c5 17.Na4 Qd6 18.dxc5 Nxc5 19.Qb4 b6 20.Bb5 Red8 21.Rac1 a6 22.Be2
Nxa4 23.Qxa4 d4 24.f5 Qxg3 25.fxg6 Qxg6 26.Rfd1 d3 27.Bf1 Qh6 28.Qb3 Qe3+
29.Kh1 Rd4 30.Rc4 Rad8 {#R} 0-1

[Event "Graz Open A 2017"]
[Site "masterchessopen.com Graz AUT"]
[Date "2017.02.26"]
[Round "9.2"]
[White "Postny,E"]
[Black "Hauge,Lars Oskar"]
[Result "1-0"]
[WhiteElo "2601"]
[BlackElo "2450"]

1.d4 Nf6 2.c4 g6 3.Nc3 Bg7 4.e4 d6 5.Nf3 O-O 6.h3 e5 7.d5 a5 8.g4 Na6 9.Be3
Nd7 10.a3 Nb6 11.Rg1 Bd7 12.h4 c6 13.h5 cxd5 14.cxd5 Nc5 15.a4 Rc8 16.b3 gxh5
17.gxh5 Kh8 18.h6 Bf6 19.Nd2 Rg8 20.Rxg8+ Qxg8 21.Qf3 Qg6 22.Nb5 Bh4 23.Bh3
Nd3+ 24.Ke2 Nf4+ 25.Bxf4 exf4 26.Bxd7 Nxd7 27.Qh3 f3+ 28.Qxf3 Ne5 29.Qf5 Qxf5
30.exf5 Bg5 31.Nxd6 Rc2 32.Rd1 Bxh6 33.Nxb7 Bg5 34.Nxa5 h5 35.Nc4 Nxc4 36.bxc4
h4 37.Kd3 Rxd2+ 38.Rxd2 {#r} 1-0

[Event "Graz Open A 2017"]
[Site "masterchessopen.com Graz AUT"]
[Date "2017.02.26"]
[Round "9.3"]
[White "Sanal,V"]
[Black "Petrov,N"]
[Result "1-0"]
[WhiteElo "2475"]
[BlackElo "2509"]

1.Nf3 d5 2.g3 Bg4 3.Bg2 Nd7 4.O-O c6 5.d3 Ngf6 6.Nbd2 e5 7.h3 Bh5 8.g4 Bg6
9.Nh4 Nc5 10.e3 Nfd7 11.Nxg6 hxg6 12.c4 dxc4 13.Nxc4 Ne6 14.Qf3 Qh4 15.Qg3
Qxg3 16.fxg3 f6 17.b4 Nb6 18.Rb1 Nxc4 19.dxc4 O-O-O 20.h4 g5 21.h5 a5 22.a3
axb4 23.axb4 Nc7 24.Kf2 Rd3 25.Be4 Rc3 26.Bf5+ Kb8 27.Rd1 Rxc4 28.Rd8+ Ka7
29.Bd2 e4 30.Rc1 Rxc1 31.Bxc1 Nb5 32.Bb2 Kb6 33.Bd4+ Nxd4 34.exd4 Kb5 35.Ke3
Kxb4 36.Kxe4 Kc4 37.Rc8 g6 38.hxg6 Bg7 39.Rc7 Re8+ 40.Kf3 Bf8 41.Rxb7 Kxd4
42.g7 Bxg7 43.Rxg7 c5 44.Rd7+ Ke5 45.Be4 Rc8 46.Rd5+ Ke6 47.Rxg5 {#r} 1-0

[Event "Graz Open A 2017"]
[Site "masterchessopen.com Graz AUT"]
[Date "2017.02.26"]
[Round "9.5"]
[White "Yilmaz,M"]
[Black "Mons,L"]
[Result "1-0"]
[WhiteElo "2621"]
[BlackElo "2469"]

1.d4 d5 2.c4 e6 3.Nc3 Nf6 4.cxd5 exd5 5.Bg5 c6 6.e3 Nbd7 7.Bd3 Be7 8.Nf3 Nf8
9.O-O Bg4 10.Qc2 Bxf3 11.gxf3 Ne6 12.Bh4 g6 13.Rad1 O-O 14.Rfe1 Nh5 15.Bg3 Bd6
16.Bf1 Re8 17.Bg2 Qd7 18.Ne2 Rad8 19.Nc1 Ng5 20.Kf1 Re7 21.Nd3 Rde8 22.b4
Nxg3+ 23.hxg3 Ne6 24.Qb2 a5 25.a3 axb4 26.axb4 Nc7 27.e4 Nb5 28.e5 Bb8 29.Nc5
Qf5 30.Qd2 Na3 31.Qc1 Nc4 32.g4 Qc8 33.Bh3 b6 34.Nd3 c5 35.Qh6 cxd4 36.f4 Qa6
37.f5 Bxe5 38.Rxe5 Rxe5 39.f6 {#r} 1-0

[Event "Graz Open A 2017"]
[Site "masterchessopen.com Graz AUT"]
[Date "2017.02.26"]
[Round "9.6"]
[White "Ragger,M"]
[Black "Akesson,R"]
[Result "0-1"]
[WhiteElo "2703"]
[BlackElo "2420"]

1.e4 c6 2.d4 d5 3.e5 Bf5 4.Nf3 e6 5.Be2 Nd7 6.O-O h6 7.Nbd2 Ne7 8.Nb3 g5 9.a4
Bg7 10.Bd2 O-O 11.h4 g4 12.Ne1 f6 13.exf6 Nxf6 14.Nd3 Ng6 15.h5 Nxh5 16.Bxg4
Nf6 17.Be2 Ne4 18.Be1 e5 19.dxe5 Nxe5 20.Nd4 Nxd3 21.cxd3 Bxd4 22.dxe4 dxe4
23.Qb3+ Kh8 24.Qxb7 Rg8 25.Bd2 Qh4 26.Ra3 Rxg2+ {#R} 0-1

[Event "Graz Open A 2017"]
[Site "masterchessopen.com Graz AUT"]
[Date "2017.02.26"]
[Round "9.7"]
[White "Istratescu,A"]
[Black "Sipila,V"]
[Result "1-0"]
[WhiteElo "2599"]
[BlackElo "2418"]

1.d4 d5 2.c4 e6 3.Nc3 Be7 4.Nf3 Nf6 5.Bf4 O-O 6.e3 Nbd7 7.c5 Nh5 8.Bd3 Nxf4
9.exf4 c6 10.O-O b6 11.b4 Qc7 12.g3 a5 13.a3 Ba6 14.Bxa6 Rxa6 15.Qe2 Rfa8
16.b5 R6a7 17.f5 Nf8 18.Na4 cxb5 19.cxb6 Qb7 20.Qxb5 Nd7 21.fxe6 fxe6 22.Rab1
Ra6 23.Rfc1 Bd6 24.Rc6 Bb8 25.Rxe6 Ba7 26.Re7 Nb8 27.Qe8# 1-0

[Event "Graz Open A 2017"]
[Site "masterchessopen.com Graz AUT"]
[Date "2017.02.26"]
[Round "9.8"]
[White "Gazik,Viktor"]
[Black "Socko,B"]
[Result "0-1"]
[WhiteElo "2403"]
[BlackElo "2598"]

1.Nf3 Nf6 2.g3 g6 3.Bg2 Bg7 4.O-O O-O 5.d4 d6 6.c4 Nc6 7.Nc3 Bg4 8.d5 Na5
9.Nd2 c5 10.h3 Bd7 11.Qc2 a6 12.b3 b5 13.Bb2 Rb8 14.Rab1 Qc8 15.Kh2 bxc4
16.bxc4 Rb4 17.a3 Rb8 18.e4 Qc7 19.f4 Rb6 20.Ne2 Rfb8 21.Bc3 Rxb1 22.Rxb1 Rxb1
23.Qxb1 Ne8 24.Qb2 Bxc3 25.Qxc3 e5 26.Nc1 f6 27.Nd3 Nb7 28.Bf3 Nd8 29.Nb3 Nf7
30.Nbc1 Qb6 31.h4 Kf8 32.Bg2 Qb7 33.Nf2 Qb1 34.Nfd3 Ba4 35.Ne1 Ng7 36.Ncd3 Qb3
37.Qc1 Qa2 38.Qc3 Nh5 39.Nb2 Qb3 40.Nxa4 Qxa4 41.Bf3 exf4 42.Bxh5 fxg3+
43.Kxg3 gxh5 44.Qxf6 Qxa3+ 45.Nf3 Qe3 46.Qa1 Ne5 {#R} 0-1

[Event "Graz Open A 2017"]
[Site "masterchessopen.com Graz AUT"]
[Date "2017.02.26"]
[Round "9.10"]
[White "Esen,B"]
[Black "Rathnakaran,K"]
[Result "1-0"]
[WhiteElo "2528"]
[BlackElo "2407"]

1.Nf3 Nf6 2.c4 g6 3.d4 Bg7 4.g3 O-O 5.Bg2 d6 6.O-O Nc6 7.Nc3 a6 8.h3 Rb8 9.e4
Nd7 10.Bg5 h6 11.Be3 b5 12.cxb5 axb5 13.Rc1 Na5 14.b3 c5 15.Qd2 Kh7 16.Rfd1 c4
17.b4 Nc6 18.a3 e5 19.dxe5 Ndxe5 20.Ne1 Be6 21.f4 Qc8 22.fxe5 dxe5 23.Nf3 Bxh3
24.Bxh3 Qxh3 25.Qh2 Qg4 26.Kg2 f5 27.Bxh6 fxe4 28.Ng5+ {#r} 1-0

[Event "Graz Open A 2017"]
[Site "masterchessopen.com Graz AUT"]
[Date "2017.02.26"]
[Round "9.13"]
[White "Zanan,E"]
[Black "Jarmula,L"]
[Result "0-1"]
[WhiteElo "2420"]
[BlackElo "2475"]

1.d4 Nf6 2.c4 g6 3.Nc3 Bg7 4.e4 d6 5.Be2 O-O 6.Nf3 e5 7.d5 a5 8.h3 Na6 9.Be3
Nd7 10.g4 Ndc5 11.Rg1 Bd7 12.h4 c6 13.h5 cxd5 14.h6 Bh8 15.Nxd5 Nxe4 16.Bb6
Qe8 17.Nd2 Nec5 18.Bxa5 f5 19.b4 e4 20.bxc5 Nxc5 21.Nb3 Nxb3 22.axb3 Qe5
23.Ra2 b6 24.gxf5 Bxf5 25.Bg4 Rxa5 26.Rxa5 bxa5 27.Bxf5 Rxf5 28.Ne3 Qc3+
29.Ke2 Bd4 30.Rg2 Rxf2+ 31.Kxf2 Qxe3+ 32.Kf1 Qf4+ {#R} 0-1

[Event "Graz Open A 2017"]
[Site "masterchessopen.com Graz AUT"]
[Date "2017.02.26"]
[Round "9.18"]
[White "Nurkiewicz,M"]
[Black "Christiansen,Johan-Sebastian"]
[Result "0-1"]
[WhiteElo "2376"]
[BlackElo "2432"]

1.d4 Nf6 2.c4 c5 3.d5 b5 4.cxb5 a6 5.f3 axb5 6.e4 Qa5+ 7.Bd2 b4 8.Na3 d6 9.Nc4
Qa7 10.a3 g6 11.Bd3 Bg7 12.Ne2 Nfd7 13.f4 O-O 14.O-O Ba6 15.axb4 cxb4+ 16.Be3
Nc5 17.Ra5 Nbd7 18.Ra1 Qc7 19.Rc1 Nxd3 20.Qxd3 Nc5 21.Qc2 b3 22.Qb1 Rfb8 23.e5
Qd7 24.Bxc5 dxc5 25.Qe4 Rb4 26.d6 Re8 27.dxe7 Qe6 28.Rfd1 Bxc4 29.Rxc4 f5
30.exf6 Qxe4 31.Rxe4 Rxe4 32.Nc3 Re6 33.Rd8 Kf7 34.fxg7 R6xe7 35.Rd5 Rc8
36.Kf2 Kxg7 37.Kf3 c4 38.Rd4 Rcc7 39.g4 Rcd7 40.Rxc4 Rd3+ {#R} 0-1

[Event "Graz Open A 2017"]
[Site "masterchessopen.com Graz AUT"]
[Date "2017.02.26"]
[Round "9.22"]
[White "Freitag,Ma"]
[Black "Henderson de La Fuente,Lance"]
[Result "0-1"]
[WhiteElo "2393"]
[BlackElo "2351"]

1.d4 Nf6 2.c4 e6 3.Nf3 b6 4.a3 Bb7 5.Nc3 Be7 6.d5 O-O 7.e4 d6 8.Be2 c6 9.O-O
cxd5 10.cxd5 exd5 11.exd5 Nbd7 12.Bc4 Rc8 13.Ba2 Re8 14.Re1 Bf8 15.Bg5 h6
16.Bh4 Rxe1+ 17.Qxe1 b5 18.Nd4 Qb6 19.Nf5 Re8 20.Qd2 b4 21.axb4 Qxb4 22.h3 Re5
23.Bb1 Rxd5 24.Qc2 Ra5 25.Rxa5 Qxa5 26.Bg3 Qb6 27.Qd2 Ne5 28.Ba2 Qc6 29.f3
Nxf3+ 30.gxf3 Qxf3 31.Bxd6 Qh1+ 32.Kf2 Qf3+ 33.Kg1 Qh1+ 34.Kf2 Qg2+ 35.Ke1
Qg1+ 36.Ke2 Ba6+ 37.Kf3 Qf1+ 38.Kg3 Qxf5 39.Bxf8 Qe5+ 40.Kg2 Bb7+ 41.Kf1 Kxf8
42.Qd8+ Ne8 43.Qd7 Qf6+ 44.Kg1 Qe7 45.Qd4 Qe1+ {#R} 0-1

[Event "Graz Open A 2017"]
[Site "masterchessopen.com Graz AUT"]
[Date "2017.02.26"]
[Round "9.24"]
[White "Eggleston,D"]
[Black "Sanz Wawer,Daniel"]
[Result "1-0"]
[WhiteElo "2387"]
[BlackElo "2137"]

1.e4 c5 2.Nf3 e6 3.d4 cxd4 4.Nxd4 Nc6 5.Nc3 a6 6.Be3 Nf6 7.Bd3 Qc7 8.O-O Ne5
9.Nf3 Nfg4 10.Bf4 Bd6 11.Bg3 Nxf3+ 12.Qxf3 Nxh2 13.Kxh2 {#r} 1-0

[Event "Graz Open A 2017"]
[Site "masterchessopen.com Graz AUT"]
[Date "2017.02.26"]
[Round "9.27"]
[White "Niemi,M"]
[Black "Schreiner,Pe"]
[Result "1-0"]
[WhiteElo "2253"]
[BlackElo "2494"]

1.c4 f5 2.g3 Nf6 3.Bg2 e6 4.Nf3 d5 5.O-O Bd6 6.d3 O-O 7.Nc3 Nc6 8.cxd5 exd5
9.Qb3 Kh8 10.Bg5 d4 11.Nb5 Bc5 12.Rac1 Bb6 13.Bf4 a6 14.Na3 Qe7 15.Nc4 Be6
16.Nfe5 Nxe5 17.Bxe5 Nh5 18.f4 Rab8 19.Qa4 Bxc4 20.Rxc4 Nf6 21.Rfc1 Ng4
22.Rxc7 Bxc7 23.Rxc7 Qe6 24.Bxg7+ Kg8 25.Qc4 Qxc4 26.dxc4 Rf7 27.Bd5 Kxg7
28.Rxf7+ Kg6 29.Rxb7 Rd8 30.Rb6+ Kg7 31.Rxa6 Ne3 32.Be6 d3 33.exd3 Rxd3
34.Ra7+ Kf6 35.Rd7 {#r} 1-0

[Event "Graz Open A 2017"]
[Site "masterchessopen.com Graz AUT"]
[Date "2017.02.26"]
[Round "9.28"]
[White "Livaic,Leon"]
[Black "Paszewski,M"]
[Result "1-0"]
[WhiteElo "2460"]
[BlackElo "2280"]

1.d4 Nf6 2.c4 e6 3.Nf3 d5 4.Nc3 c6 5.Bg5 dxc4 6.a4 Bb4 7.e4 Qa5 8.Bd2 c5
9.Bxc4 cxd4 10.Nxd4 O-O 11.Nc2 Nc6 12.Nxb4 Qxb4 13.b3 Rd8 14.O-O Qe7 15.Qe1
Nd7 16.f4 b6 17.e5 Nc5 18.Nb5 Nd4 19.Nxd4 Rxd4 20.Be3 Rd8 21.Bf2 Qf8 22.Bh4
Rd7 23.Rf3 Ba6 24.Bxa6 Nxa6 25.Kh1 Nb4 26.Qf1 Rc8 27.Rd1 Rxd1 28.Qxd1 Qc5
29.h3 Qc1 30.Qxc1 Rxc1+ 31.Kh2 Nd5 32.f5 Rc3 33.Rxc3 Nxc3 34.g4 Kf8 35.Bf2 Ke8
36.a5 bxa5 37.Bxa7 a4 38.bxa4 Nxa4 39.Kg3 Nc3 {#r} 1-0

[Event "Graz Open A 2017"]
[Site "masterchessopen.com Graz AUT"]
[Date "2017.02.26"]
[Round "9.29"]
[White "Praveen Kumar,C1"]
[Black "Tomazini,Z"]
[Result "1-0"]
[WhiteElo "2279"]
[BlackElo "2402"]

1.d4 Nf6 2.c4 g6 3.Nc3 Bg7 4.e4 d6 5.f3 a6 6.Be3 c6 7.Bd3 b5 8.a3 Nbd7 9.Nge2
O-O 10.O-O e5 11.cxb5 exd4 12.Nxd4 cxb5 13.a4 bxa4 14.Nxa4 d5 15.exd5 Nxd5
16.Bf2 Qg5 17.h4 Qh6 18.Re1 Bb7 19.Be4 Rfd8 20.Qb3 Rab8 21.Bxd5 Bxd5 22.Qxd5
Ne5 23.Qe4 Rb4 24.Rad1 Qh5 25.Ne6 Re8 26.Nxg7 Rxe4 27.Nxh5 Rxe1+ 28.Rxe1 gxh5
29.f4 {#r} 1-0

[Event "Graz Open A 2017"]
[Site "masterchessopen.com Graz AUT"]
[Date "2017.02.26"]
[Round "9.32"]
[White "Terbe,J"]
[Black "Kvetny,M"]
[Result "0-1"]
[WhiteElo "2246"]
[BlackElo "2379"]

1.e4 c5 2.c3 d5 3.exd5 Qxd5 4.d4 Nf6 5.Nf3 Nc6 6.dxc5 Qxd1+ 7.Kxd1 Bf5 8.Bc4
e5 9.Be3 Rd8+ 10.Ke2 Nd5 11.b4 f6 12.Rd1 Be6 13.Bxd5 Bxd5 14.Nbd2 g5 15.Rac1
Be7 16.Ne1 f5 17.f3 Bf6 18.b5 Na5 19.c4 Be6 20.c6 bxc6 21.Bxa7 Rxd2+ 22.Rxd2
Bxc4+ 23.Kf2 Bxb5 24.Nc2 Nc4 25.Rdd1 Nb2 26.Rd2 Nd3+ 27.Rxd3 Bxd3 28.Nb4 Bb5
29.Nxc6 Kd7 30.Nb4 Ra8 31.Bc5 Ke6 32.Rd1 Rc8 33.Rd6+ Kf7 34.Be3 f4 35.Bd2 Be7
36.Rb6 Bc5+ {#R} 0-1

[Event "Graz Open A 2017"]
[Site "masterchessopen.com Graz AUT"]
[Date "2017.02.26"]
[Round "9.34"]
[White "Bubalovic,D"]
[Black "Sredojevic,I"]
[Result "0-1"]
[WhiteElo "2233"]
[BlackElo "2346"]

1.e4 c5 2.Nf3 d6 3.d4 cxd4 4.Qxd4 Bd7 5.Be3 Nc6 6.Qd2 Nf6 7.Nc3 a6 8.Bd3 e6
9.a4 Rc8 10.O-O Be7 11.h3 O-O 12.Ne2 Qc7 13.Bf4 b5 14.axb5 axb5 15.g4 Qb7
16.g5 Nh5 17.Be3 e5 18.Kg2 Be6 19.Ng3 Nf4+ 20.Bxf4 exf4 21.Qxf4 g6 22.Qe3 Qd7
23.Rh1 f6 24.Ra6 fxg5 25.Nxg5 Bxg5 26.Qxg5 Nb4 27.Ra3 Nxc2 28.Rc3 Qf7 29.f4
Ne3+ 30.Kf3 Nc4 31.Bxc4 bxc4 32.h4 Rc5 33.f5 d5 34.Ke2 dxe4 35.Nxe4 Rxf5
36.Qg3 Qb7 {#R} 0-1

[Event "Graz Open A 2017"]
[Site "masterchessopen.com Graz AUT"]
[Date "2017.02.26"]
[Round "9.36"]
[White "Tomerlin,S"]
[Black "Injac,Teodora"]
[Result "0-1"]
[WhiteElo "2190"]
[BlackElo "2314"]

1.Nf3 Nf6 2.g3 g6 3.d3 Bg7 4.Bg2 O-O 5.O-O c5 6.e4 d6 7.Re1 Nc6 8.c3 Rb8 9.h3
b5 10.d4 Nd7 11.Bf4 e5 12.dxe5 Ndxe5 13.Nxe5 Nxe5 14.Qc2 Be6 15.Nd2 c4 16.Be3
Nd3 17.Reb1 Qd7 18.b3 Rbc8 19.bxc4 bxc4 20.Bd4 Bxd4 21.cxd4 d5 22.Qc3 Bxh3
23.Bxh3 Qxh3 24.exd5 Rfe8 25.Nf3 Re3 26.Ne1 Nxe1 {#R} 0-1

[Event "9th Batavia GM 2017"]
[Site "masterchessopen.com Amsterdam NED"]
[Date "2017.02.26"]
[Round "3.3"]
[White "Brink,B"]
[Black "Timmermans,M"]
[Result "1-0"]
[WhiteElo "2309"]
[BlackElo "2415"]

1.d4 d5 2.c4 dxc4 3.Nf3 Nf6 4.e3 a6 5.Bxc4 b5 6.Bd3 e6 7.a4 b4 8.Nbd2 Bb7 9.e4
c5 10.e5 Nfd7 11.Nc4 cxd4 12.Bg5 Qc7 13.Rc1 Nc6 14.O-O h6 15.Bh4 Bc5 16.Re1
Kf8 17.Nfd2 Na5 18.Nd6 Bc6 19.N2e4 Bxe4 20.Bxe4 Rb8 21.Qh5 Nxe5 22.Nxf7 Nxf7
23.Rxc5 Qf4 24.Bg3 Qd2 25.Rd1 {#r} 1-0

[Event "9th Batavia GM 2017"]
[Site "masterchessopen.com Amsterdam NED"]
[Date "2017.02.26"]
[Round "3.4"]
[White "Fier,A"]
[Black "Baron,Ta"]
[Result "1-0"]
[WhiteElo "2581"]
[BlackElo "2544"]

1.d4 Nf6 2.c4 e6 3.Nc3 Bb4 4.Qc2 d5 5.cxd5 exd5 6.Bg5 h6 7.Bh4 c5 8.dxc5 Be6
9.e3 O-O 10.Nf3 Nbd7 11.a3 Qa5 12.Bxf6 Nxf6 13.Rc1 Bxc3+ 14.Qxc3 Qxc3+ 15.Rxc3
Ne4 16.Rc1 Rfc8 17.b4 a5 18.Nd4 axb4 19.axb4 Ra4 20.f3 Nd6 21.Nc2 Nc4 22.Bd3
b6 23.cxb6 Nxe3 24.b7 {#r} 1-0

[Event "77th Noteboom Open"]
[Site "masterchessopen.com Leiden NED"]
[Date "2017.02.26"]
[Round "5.3"]
[White "Van Overdam,Jul"]
[Black "Pruijssers,R"]
[Result "0-1"]
[WhiteElo "2351"]
[BlackElo "2496"]

1.e4 e5 2.Nf3 Nc6 3.d4 exd4 4.Nxd4 Nf6 5.Nxc6 bxc6 6.e5 Qe7 7.Qe2 Nd5 8.c4 Nb6
9.Nc3 Qe6 10.Qe4 g6 11.Bd3 Bg7 12.Bf4 Ba6 13.b3 O-O 14.O-O-O d5 15.cxd5 cxd5
16.Qe3 Bxd3 17.Rxd3 f6 18.Re1 Rae8 19.Bh6 fxe5 20.Bxg7 Kxg7 21.Qd2 c6 22.h4
Qf6 23.Ne2 e4 24.Rh3 Qa1+ {#R} 0-1

[Event "77th Noteboom Open"]
[Site "masterchessopen.com Leiden NED"]
[Date "2017.02.26"]
[Round "6.1"]
[White "Fedorchuk,S"]
[Black "Van Assendelft,F"]
[Result "1-0"]
[WhiteElo "2623"]
[BlackElo "2329"]

1.e4 c5 2.Nf3 e6 3.d4 cxd4 4.Nxd4 a6 5.Be2 Nf6 6.Nc3 d6 7.f4 Be7 8.O-O Nc6
9.Kh1 Qc7 10.Be3 O-O 11.Qe1 e5 12.fxe5 dxe5 13.Qg3 Bd8 14.Nb3 Kh8 15.Rad1 Be6
16.Nc5 Be7 17.Nd5 Bxd5 18.exd5 Nb4 19.Rxf6 Bxf6 20.d6 Qd8 21.c3 Nc6 22.Bf3 Rb8
23.Qh3 Rg8 24.Nd7 Ra8 25.Qf5 Bh4 26.Bxc6 g6 27.Qxe5+ f6 28.Qd4 bxc6 29.Qxh4 g5
30.Qg4 {#r} 1-0

[Event "77th Noteboom Open"]
[Site "masterchessopen.com Leiden NED"]
[Date "2017.02.26"]
[Round "6.3"]
[White "Kevlishvili,Robby"]
[Black "Van Vliet,J"]
[Result "1-0"]
[WhiteElo "2414"]
[BlackElo "2357"]

1.e4 c5 2.Nf3 e6 3.b3 Nc6 4.Bb2 d6 5.d4 cxd4 6.Nxd4 Nxd4 7.Qxd4 Nf6 8.c4 Be7
9.g3 O-O 10.Bg2 a6 11.O-O e5 12.Qd3 b5 13.Na3 Qb6 14.cxb5 axb5 15.Nxb5 Ba6
16.a4 Rab8 17.Rfb1 Bxb5 18.axb5 Qxb5 19.Qxb5 Rxb5 20.Bc3 Rc8 21.Be1 Rcb8 22.b4
d5 23.Bf1 R5b7 24.exd5 Nxd5 25.b5 Bc5 26.Bg2 Rd7 27.Bxd5 Rxd5 28.b6 Bd4 29.Ra3
Kf8 30.b7 Rdd8 31.Ra6 Bc5 32.Ba5 Rd7 33.Ra8 Bd6 34.Bb4 {#r} 1-0

[Event "77th Noteboom Open"]
[Site "masterchessopen.com Leiden NED"]
[Date "2017.02.26"]
[Round "6.4"]
[White "De Jong,M"]
[Black "Warmerdam,Max"]
[Result "0-1"]
[WhiteElo "2327"]
[BlackElo "2382"]

1.e4 e5 2.Nf3 Nc6 3.Bb5 a6 4.Ba4 Nf6 5.O-O Be7 6.Re1 b5 7.Bb3 d6 8.c3 O-O 9.a4
Bb7 10.d4 Na5 11.Bc2 c5 12.dxe5 dxe5 13.Qe2 Qc7 14.axb5 axb5 15.Qxb5 Rfb8
16.Qe2 Ba6 17.Qd1 c4 18.Nbd2 Bc5 19.Qe2 Ng4 20.Rf1 Nf6 21.Kh1 g6 22.Nxe5 Nb3
23.Nxb3 cxb3 24.Rxa6 Rxa6 25.Qxa6 Qxe5 26.f4 Qe7 27.Bd1 Nxe4 28.Qe2 Re8 29.Bd2
Qd7 30.Be3 Bxe3 31.Bxb3 Ba7 32.Qc2 Nf2+ 33.Kg1 Nd1+ 34.Kh1 Ne3 35.Ba4 Nxf1
36.Bxd7 Re1 {#R} 0-1

[Event "3rd Vardaris Open 2017"]
[Site "masterchessopen.com Thessaloniki GRE"]
[Date "2017.02.26"]
[Round "5.2"]
[White "Frendzas,P"]
[Black "Trimitzios,Petros"]
[Result "0-1"]
[WhiteElo "2340"]
[BlackElo "2099"]

1.e4 e5 2.Nf3 Nc6 3.Bb5 a6 4.Ba4 Nf6 5.O-O b5 6.Bb3 Bc5 7.a4 Rb8 8.c3 d6 9.d4
exd4 10.cxd4 Bb6 11.axb5 axb5 12.h3 O-O 13.Nc3 b4 14.Ne2 h6 15.Ng3 d5 16.e5
Ne4 17.Nh5 Bf5 18.Be3 Ne7 19.Qc1 Bh7 20.Nh4 Nc6 21.g3 Nxd4 22.Bxh6 Ne2+ {#R}
0-1